The housing downturn (Record no. 110082)
[ view plain ]
| 000 -LEADER | |
|---|---|
| fixed length control field | 02400cam a22002415a 4500 |
| 001 - CONTROL NUMBER | |
| control field | L148522 |
| 008 - FIXED-LENGTH DATA ELEMENTS--GENERAL INFORMATION | |
| fixed length control field | 090929s2009 xxk f 000 0 eng d |
| 020 ## - INTERNATIONAL STANDARD BOOK NUMBER | |
| International Standard Book Number | 9780080963914 |
| 035 ## - SYSTEM CONTROL NUMBER | |
| System control number | (Sirsi) u148522 |
| 041 0# - LANGUAGE CODE | |
| Language code of text/sound track or separate title | eng |
| 050 04 - LIBRARY OF CONGRESS CALL NUMBER | |
| Classification number | 333.330 |
| 100 1# - MAIN ENTRY--PERSONAL NAME | |
| Personal name | Norwood, Graham |
| 245 04 - TITLE STATEMENT | |
| Title | The housing downturn |
| Remainder of title | picking up the pieces, a guide for estate agents and developers |
| Medium | [electronic resource] |
| 260 ## - PUBLICATION, DISTRIBUTION, ETC. | |
| Place of publication, distribution, etc. | London |
| Name of publisher, distributor, etc. | EG Books |
| Date of publication, distribution, etc. | 2009 |
| 300 ## - PHYSICAL DESCRIPTION | |
| Extent | eBook |
| 520 ## - SUMMARY, ETC. | |
| Summary, etc. | This eBook sets out the signals that were appearing from 2005 onwards as the foundations of the property industry began to crack. He asks: why were they missed? Why did so few people speak out against gluts of apartments in major city centres targeted at falling numbers of investment buyers? Did we not know or care that property scams were becoming rife? Could we not see at least some alarm signals from the problems destroying the property industry in Spain? For the first time, senior figures from all elements of the residential industry - developers, agents, analysts, lenders, planners and pundits - comment on what they believe led to the downturn. The book then sets out what the industry may learn from the experience. It compares those developers and estate agents that down-sized or collapsed altogether with those that survived and, in some cases, even prospered in the downturn. It identifies common indicators amongst those that remained strong through a 50 percent collapse in sales and a 25 percent-plus collapse in prices, and offers insights into how policies of diversification and modernisation helped many companies survive. It also looks to the future and presents a sobering vision, created by scores of experts interviewed during the downturn, of what the market may be like when volumes, prices and spirits move upwards once again. This is the first book to analyse the effects of the housing downturn. It offers a structured guidance for Estate Agents and Property Developers on how to survive and grow their business, and pulls together comment from a range of senior industry figures on what they believe led to the downturn. |
| 590 ## - LOCAL NOTE (RLIN) | |
| Local note | KA |
| 650 ## - SUBJECT ADDED ENTRY--TOPICAL TERM | |
| Topical term or geographic name entry element | EBOOK |
| 651 #4 - SUBJECT ADDED ENTRY--GEOGRAPHIC NAME | |
| Geographic name | ENGLAND AND WALES |
| 690 ## - LOCAL SUBJECT ADDED ENTRY--TOPICAL TERM (OCLC, RLIN) | |
| Topical term or geographic name as entry element | PROPERTY-COMMERCIAL PROPERTY-COMMERCIAL PROPERTY MARKET |
| 856 40 - ELECTRONIC LOCATION AND ACCESS | |
| Uniform Resource Identifier | <a href="https://www.vlebooks.com/">https://www.vlebooks.com/</a> |
| Public note | View on VLEbooks. Logins for members only from [email protected] |
| 942 ## - ADDED ENTRY ELEMENTS (KOHA) | |
| Suppress in OPAC | 0 |
| Withdrawn status | Lost status | Source of classification or shelving scheme | Damaged status | Not for loan | Home library | Current library | Shelving location | Date acquired | Total Checkouts | Full call number | Barcode | Date last seen | Copy number | Price effective from | Koha item type |
|---|---|---|---|---|---|---|---|---|---|---|---|---|---|---|---|
| Dewey Decimal Classification | Virtual | Virtual | Online | 29/09/2009 | EBOOK | 148522-1001 | 06/08/2019 | 1 | 06/08/2019 | Book |